000 00460nam a2200181Ia 4500
001 17090
005 20260306170359.0
008 260306t2010||||xx |||||||||||||| ||und||
041 _aESP
082 _a657.45
_bT35
100 _aTéllez Trejo, Benjamín Rolando
_eAUT
245 0 _aPráctica de auditoría financiera y fiscal
260 _c2010
300 _axvii, 526 páginas :
_c27 cm.
650 _aGEN
654 _aCCO
942 _cLIB
_dJUS
_fJUS
_2ddc
_n
999 _c17090
_d17090